header

Pedagogy and the shaping of consciousness (Record no. 26342)

MARC details
000 -LEADER
fixed length control field 01367nam a2200361Ia 4500
245 00 - TITLE STATEMENT
Title Pedagogy and the shaping of consciousness
260 ## - PUBLICATION, DISTRIBUTION, ETC. (IMPRINT)
Place of publication London ;
-- New York :
Name of publisher Cassell,
Year of publication 1999.
300 ## - PHYSICAL DESCRIPTION
Number of Pages 296 p. :
Other physical details ill.
490 1# - SERIES STATEMENT
Series statement Open linguistics series
650 #0 - SUBJECT ADDED ENTRY--TOPICAL TERM
Topical Term Educational sociology.
Topical Term Sociolinguistics.
Topical Term Literacy
Topical Term Teaching
700 1# - ADDED ENTRY--PERSONAL NAME
Personal name Christie, Frances.
856 40 - ELECTRONIC LOCATION AND ACCESS
Uniform Resource Identifier http://site.ebrary.com/lib/rucke/Doc?id=10224663

No items available.

© 2026 Rongo University
Contact us: librarian | system librarian | Rongo university